Le Jura en images - Statistiques

Statistiques générales
  • Ce quiz a été pris 131 fois
  • Le résultat moyen est 10 sur 18
Statistiques - réponses
Par images Hint Réponse % Correct
Fromage Comté
94%
Scientifique Louis Pasteur
93%
Ville Lons-le-Saunier
83%
Ville Dole
76%
Site le plus visité du département Cascades du Hérisson
71%
Industrie Lunetterie
67%
Fromage Cancoillotte
65%
Ville Saint-Claude
63%
Station de ski Les Rousses
62%
Lac Vouglans
59%
Musée Maison de La Vache qui rit
54%
Vignoble Château-Chalon
36%
Site classé à l'UNESCO Salines de Salins-les-Bains
36%
Écrivain Claude Joseph Rouget de Lisle
31%
Forêt Forêt de Chaux
29%
Abbaye Abbaye Saint-Pierre de Baume-les-Messieurs
28%
Chanteur Hubert-Felix Thiéfaine
23%
Type de paysage Reculée
15%
Aucun quiz correspondant
Distribution des résultats
% des personnes avec chaque résultat
Percentile par nombre de réponses
Votre historique - résultats
Vous n’avez pas pris ce quiz